header

Introduction to 2-spinors in general relativity (Record no. 33098)

MARC details
000 -LEADER
fixed length control field 01270nam a2200313Ia 4500
100 1# - MAIN ENTRY--AUTHOR NAME
Personal name O'Donnell, Peter J.,
245 10 - TITLE STATEMENT
Title Introduction to 2-spinors in general relativity
260 ## - PUBLICATION, DISTRIBUTION, ETC. (IMPRINT)
Place of publication Singapore ;
-- River Edge, NJ :
Name of publisher World Scientific,
Year of publication c2003.
300 ## - PHYSICAL DESCRIPTION
Number of Pages xii, 191 p. :
Other physical details ill.
650 #0 - SUBJECT ADDED ENTRY--TOPICAL TERM
Topical Term General relativity (Physics)
Topical Term Spinor analysis.
856 40 - ELECTRONIC LOCATION AND ACCESS
Uniform Resource Identifier http://site.ebrary.com/lib/rucke/Doc?id=10255562

No items available.

© 2026 Rongo University
Contact us: librarian | system librarian | Rongo university